<?xml version="1.0" encoding="UTF-8"?>
<record
    xmlns:xsi="http://www.w3.org/2001/XMLSchema-instance"
    xsi:schemaLocation="http://www.loc.gov/MARC21/slim http://www.loc.gov/standards/marcxml/schema/MARC21slim.xsd"
    xmlns="http://www.loc.gov/MARC21/slim">

  <leader>01298nam a22002415i 4500</leader>
  <controlfield tag="001">54849</controlfield>
  <controlfield tag="003">ES-MaACL</controlfield>
  <controlfield tag="005">20250927063035.0</controlfield>
  <controlfield tag="007">t|</controlfield>
  <controlfield tag="008">940202m18631889sp           ||||1| spa d</controlfield>
  <datafield tag="040" ind1=" " ind2=" ">
    <subfield code="a">CAM </subfield>
    <subfield code="b">spa</subfield>
  </datafield>
  <datafield tag="100" ind1="1" ind2=" ">
    <subfield code="a">Gallardo, Bartolom&#xE9; Jos&#xE9;, </subfield>
    <subfield code="d">1776-1852</subfield>
    <subfield code="9">53478</subfield>
  </datafield>
  <datafield tag="245" ind1="1" ind2="0">
    <subfield code="a">Ensayo de una biblioteca espa&#xF1;ola de libros raros y curiosos / </subfield>
    <subfield code="c">formado con los apuntamientos de Bartolom&#xE9; Gallardo ; coordinados y aumentados por M.R. Zarco del Valle y J. Sancho Ray&#xF3;n.</subfield>
  </datafield>
  <datafield tag="260" ind1=" " ind2=" ">
    <subfield code="a">Madrid : </subfield>
    <subfield code="b">[s.n.], </subfield>
    <subfield code="c">1863-1889 (</subfield>
    <subfield code="f">Imprenta y esterotipia de M. Rivadeneyra)</subfield>
  </datafield>
  <datafield tag="300" ind1=" " ind2=" ">
    <subfield code="a">4 v. ; </subfield>
    <subfield code="c">27 cm.</subfield>
  </datafield>
  <datafield tag="500" ind1=" " ind2=" ">
    <subfield code="a">En port.: "Obra premiada por la Biblioteca Nacional, por la Junta P&#xFA;blica del 5 de enero de 1862, &#xE9; impresa &#xE1; expensas del Gobierno"</subfield>
  </datafield>
  <datafield tag="505" ind1="8" ind2=" ">
    <subfield code="a">Contiene:  v. 1. Abad de Ayala-Azpitarte, an&#xF3;nimos (1403 p.) -- v. 2. Babia-Fuentes. Ap&#xE9;ndice: &#xED;ndice de los manuscritos de la Biblioteca Nacional (1104, 179 p.) -- v. 3. Gal&#xE1;n-Pulgar (1280 p.) -- v. 4. Quesada-Z&#xFA;&#xF1;iga y Sotomayor. Suplemento. &#xDA;ltimas adiciones (1572 p.)</subfield>
  </datafield>
  <datafield tag="650" ind1="1" ind2="4">
    <subfield code="a">Libros raros-</subfield>
    <subfield code="z">Espa&#xF1;a-</subfield>
    <subfield code="v">Bibliograf&#xED;as.</subfield>
    <subfield code="9">14453</subfield>
  </datafield>
  <datafield tag="700" ind1="1" ind2=" ">
    <subfield code="a">Sancho Ray&#xF3;n, Jos&#xE9;.</subfield>
    <subfield code="9">103049</subfield>
  </datafield>
  <datafield tag="700" ind1="1" ind2=" ">
    <subfield code="a">Zarco del Valle, Manuel Rem&#xF3;n.</subfield>
    <subfield code="9">118065</subfield>
  </datafield>
  <datafield tag="852" ind1=" " ind2=" ">
    <subfield code="a">ES-MaACL</subfield>
    <subfield code="j">B-2945-48</subfield>
  </datafield>
  <datafield tag="999" ind1=" " ind2=" ">
    <subfield code="c">54849</subfield>
    <subfield code="d">54849</subfield>
  </datafield>
  <datafield tag="952" ind1=" " ind2=" ">
    <subfield code="0">0</subfield>
    <subfield code="1">0</subfield>
    <subfield code="4">0</subfield>
    <subfield code="7">0</subfield>
    <subfield code="8">LIBXIX</subfield>
    <subfield code="a">ATENEOM</subfield>
    <subfield code="b">ATENEOM</subfield>
    <subfield code="c">SPB</subfield>
    <subfield code="d">2008-01-17</subfield>
    <subfield code="e">SC</subfield>
    <subfield code="l">0</subfield>
    <subfield code="o">B-2945-48</subfield>
    <subfield code="p">1057634</subfield>
    <subfield code="r">2023-02-23 00:00:00</subfield>
    <subfield code="w">2023-02-23</subfield>
    <subfield code="y">MONANT</subfield>
  </datafield>
</record>
